00959 2200313 4500001002100000005001500021035002000036007000300056008004100059020002200100040002200122082001500144084001700159090002200176100003100198245008500229300004900314650003500363700002700398850001200425504003700437264003000474336002100504337003000525338002300555999002200578990002300600990002200623INLIS00000000085970620210510082309 a0010-0521000287ta210510s2021 yoia g ind d a978-623-01-1092-4 aYOPDYOGbinderda04223a621.31 a621.31 RAD s aCB-D.11 2021-01921 aRadya Sahisnu, T.epenulis10aSistem kontrol otomatik kontrol SMK/MAK kelas XI /cT. Radya Sahisnu, A. Gunanto ax, 162 halaman :bilustrasi, gambar ;c25 cm 4aTenaga listrik, sistem kontrol1 aGunanto, A. 4e penulis aYOPDYOG aBibliografi: halaman [164]-[165]31aYogyakarta :bAndi,c2021 2rdacontentateks 2rdamediaatanpa perantara 2rdacarrieravolume aCB-D.11/2021-0192 aCB-D.11/ 2021-0192 aCB-D.11/2021-0192